| 000 | 00441nam a22001817a 4500 | ||
|---|---|---|---|
| 003 | OSt | ||
| 005 | 20220905124843.0 | ||
| 008 | 220831b |||||||| |||| 00| 0 eng d | ||
| 020 | _a9788131308431 | ||
| 040 | _cIFM Library | ||
| 082 | _a368.03 | ||
| 100 | _aSingh,S.R | ||
| 245 | _aDictionary of Insurance | ||
| 260 |
_aDelhi: _bNangia, _c2013 |
||
| 300 |
_a229p.: _bill.; 24cm |
||
| 650 | _aDictionary of Insurance | ||
| 942 |
_cBK _2ddc _n0 |
||
| 999 |
_c16266 _d16266 |
||